01265nam a2200265 a 4500001001000000005001700010008004100027041000800068044000700076050002100083100002400104245023600128250001100364260003500375300003600410500013900446500011500585500001800700500003200718500000800750500007700758500002300835506009200858650004900950BRCA_758320190320205911.0060713s1745----sp-#######---#000-0#spa-# aspa asp 4aBT660b.B49 17451 aBezerra Tanco, Luis10aFelicidad de Méxicoben la admirable aparición de la virgen María Ntra. Señora de Guadalupe, y origen de su milagrosa imagen, que se venera en su santuario extramuros de aquella ciudadcsu autor el Bach. Luis Bezerra Tanco. a4a ed. aMadridbJuan de Zuñigac1745 a109 p.bil., 1 láminac17 cm. aEdición que se dedida al Rey Nuestro Señor. La Real Congregación de Nuestra Señora de Guadalupe de México, fundada en Madrid aCon Ex- libris de: Franz Mayer, A. Canovas del Castillo de Romero Martínez y Luis Bardon librero- anticuario aFondo antiguo aSe encuentra en Caja Fuerte aT-6 aNota de encuadernación: en piel pergamino con broches en cinta de piel aContiene prólogo0 aFondo reservado: para su consulta es necesario credencial de usuario y carta de motivos14aGuadalupe, Virgen dexApariciones y milagros